000 01292nam a2200289 a 4500
999 _c119563
_d119563
003 BLK
005 20231120164719.0
008 180409b bul|||||r ||||||| ||bul||
010 _aKNG00125178000
040 _aBLK
041 _aBUL
_cBUL
080 _aБългарска литература
_b821.163.2
_x-93-1
_z821.163.2-93-1
100 1 _aАнгелов, Цветан Константинов
_eпърви автор
_9376408
139 _aАнгелов, Цветан Константинов
_bА 64
245 1 0 _aСмешни работи
_bСтихотворения и поеми за деца
_cЦветан Константинов Ангелов; худож. Симеон Димитров Спиридонов
257 _aBGR
260 _aСофия
_bОтечество
_c1977
_fСофия : ДПК Д. Благоев
300 _a60 с.
_bс ил.
_c22 см
380 _aDX
490 _aБиблиотека Смехурко
_v4
_9203852
700 1 _aСпиридонов, Симеон Димитров
_eхудож.
_9277676
852 _aЦб 99123
_bЦб
856 4 _qpdf
_i0.00
_ldisable
942 _cKNG
_n0
_04
_s1
944 _aCR
_c23.08.2011
_lИва Цветкова
_k30543
944 _aED
_c14.09.2017
_lф / 23.08.2011
_kНаталия_Любомирова